O- Level: (Record no. 283269)
[ view plain ]
| 000 -LEADER | |
|---|---|
| fixed length control field | 00516nam a2200169Ia 4500 |
| 008 - FIXED-LENGTH DATA ELEMENTS--GENERAL INFORMATION | |
| fixed length control field | 150223s9999 xx 000 0 und d |
| 020 ## - INTERNATIONAL STANDARD BOOK NUMBER | |
| International Standard Book Number | 9812743855 |
| 050 ## - LIBRARY OF CONGRESS CALL NUMBER | |
| Classification number | QA 3 |
| Item number | .EE26 2010 |
| 100 ## - MAIN ENTRY--PERSONAL NAME | |
| Personal name | Ee Teck Ee. |
| 245 ## - TITLE STATEMENT | |
| Title | O- Level: |
| Remainder of title | Additional Mathematics Examination notes / |
| Statement of responsibility, etc | Ee Teck Ee. |
| 260 ## - PUBLICATION, DISTRIBUTION, ETC. (IMPRINT) | |
| Place of publication, distribution, etc | Mandaluyong City: |
| Name of publisher, distributor, etc | SAP Publications Sdn Bhd, |
| Date of publication, distribution, etc | 2010 |
| 300 ## - PHYSICAL DESCRIPTION | |
| Extent | 250 pages : |
| Other physical details | Illustration; |
| Dimensions | 23 cm. |
| 650 ## - SUBJECT ADDED ENTRY--TOPICAL TERM | |
| Topical term or geographic name as entry element | Indices. |
| 650 ## - SUBJECT ADDED ENTRY--TOPICAL TERM | |
| Topical term or geographic name as entry element | Irrational roots. |
| 650 ## - SUBJECT ADDED ENTRY--TOPICAL TERM | |
| Topical term or geographic name as entry element | Logarithms. |
| 650 ## - SUBJECT ADDED ENTRY--TOPICAL TERM | |
| Topical term or geographic name as entry element | Real numbers. |
No items available.